000 00900ngm a22003730a 4500
001 PT39981
003 AR-LpoUNG
005 20210201235902.0
007 vd cvaizq
008 191001s2002||||xxu|||||||||||||||||eng d
037 _c$32.50
040 _aAR-LpoUNG
_bspa
_cAR-LpoUNG
_eaacr
041 _aeng
044 _axxu
082 0 _a784.6 385afr
100 1 _aMartinez, María
245 1 0 _aAfro - cuban :
_bcoordination for drumset
250 _a1ª ed.
260 _as.l. :
_bHal - Leonard,
_c2002.
300 _aDVD (48 min.) : son., col.
650 4 _aMUSICA
651 4 _aDOCUMENTOS TEORICOS O METODOLOGICOS
653 _aBATERIA
653 _aDVD
653 _aMUSICA
653 _aMUSICA AFRO-CUBANA
653 _aREDOBLANTES
653 _aTAMBORES
653 _aTECNICA MUSICALES
653 _aTECNICAS
653 _aVIDEOS
905 _a39981
942 _cDVD
999 _c53698
_d53698